The market for diesel engines in Norway, Belgium, France and Italy
محفوظ في:
| مؤلف مشترك: | |
|---|---|
| التنسيق: | كتاب |
| اللغة: | Undetermined |
| منشور في: |
Geneva
1972
|
| الموضوعات: | |
| الوسوم: |
إضافة وسم
لا توجد وسوم, كن أول من يضع وسما على هذه التسجيلة!
|
| Thư viện lưu trữ: | Trung tâm Học liệu Trường Đại học Cần Thơ |
|---|
| LEADER | 00556nam a2200181Ia 4500 | ||
|---|---|---|---|
| 001 | CTU_84418 | ||
| 008 | 210402s9999 xx 000 0 und d | ||
| 082 | |a 380.1 | ||
| 082 | |b I.61 | ||
| 110 | |a International Trade Centre UNCTAD/GATT | ||
| 245 | 4 | |a The market for diesel engines in Norway, Belgium, France and Italy | |
| 245 | 0 | |c International Trade Centre UNCTAD/GATT | |
| 260 | |a Geneva | ||
| 260 | |c 1972 | ||
| 650 | |a Diesel motor industry | ||
| 650 | |z Europe | ||
| 904 | |i QHieu(sửa) | ||
| 980 | |a Trung tâm Học liệu Trường Đại học Cần Thơ | ||